LEADER 01270nam a2200265 i 4500 001 000000248738 003 CaOOAMICUS 005 20160411000000.0 008 160411s2014 it u000 u ita u 013 $a227643 040 $aSeMil$bita 100 1 $aDu Sautoy, Marcus.$0(OLS)http://semarc/name/78057 240 14$aThe music of the primes.$0(OLS)http://semarc/title/350951 245 12$aL'enigma dei numeri primi :$bl'ipotesi di Riemann, il pił grande mistero della matematica /$cMarcus Du Sautoy. 260 $aMilano :$bCorriere della Sera,$ccopyr. 2014. 300 $a440 p. ;$c22 cm. 490 0 $aLa matematica come un romanzo ;$v3 500 $aContiene : Bibliografia. - I manuali del Corriere della Sera. 650 4$aNumeri primi - Teorie.$0(OLS)http://semarc/subject/42851 830 3$aLa matematica come un romanzo [Corriere della Sera] ;$v3.$0(OLS)http://semarc/title/44611 850 $aSeMil 852 $aSeMil$W1$xVenegono$y1$m3X V 64$j199084$B199084$CSeMilBibl$Z2$F210463 $81 961 $aOmaggio: Braccini Annamaria 996 $6245$aL'enigma dei numeri primi :$bl'ipotesi di Riemann, il pił grande mistero della matematica$9(OLS)http://semarc/title/350950 996 $6260$aMilano :$bCorriere della Sera$9(OLS)http://semarc/publisher/33390